000
00250nam a2200109Ia 4500
008
200302s9999 xx 000 0 und d
100
_a
Sunil Baghla
245
_a
Urban Geography
260
_b
Published by Book enclave
260
_c
2018
300
_a
254
999
_c
6045
_d
6045